| 000 | 00369cam a2200145ua 4500 | ||
|---|---|---|---|
| 020 | _a0 87055 297 xsc | ||
| 041 | _aeng | ||
| 082 |
_a664 _bFAR/FO |
||
| 100 |
_aFarrall, Arthur W . _95408 |
||
| 245 | _aFood engineering systems:utilities vol.ll / | ||
| 250 | _a1 / | ||
| 260 |
_aConnecticut : _bAVI publishing company , _c1979. |
||
| 300 | _a450 ; . | ||
| 942 | _cBK | ||
| 999 |
_c2675 _d2675 |
||